000 01184nam0a2200325 4500
001 RU\NLR\BIBL_A\022189022
005 20240503165633.0
010 _a978-5-00214-358-0
_95000
021 _aRU
_bКН-П-24-011521
_9КН-П-24-1197
035 _a(NLR Aleph) 022189022
090 _a13006749
_c13006749
100 _a20240405d2024 u y0rusy50 ca
101 1 _arus
_cita
102 _aRU
105 _aa z 000ay
181 0 _ai
_baxxe
182 0 _an
200 1 _aКнижный домик в Тоскане
_e[роман]
_fАльба Донати
_gперевод с итальянского Полины Дроздовой
203 _aТекст
_bвизуальный
_cнепосредственный
210 _aМосква
_cМИФ
_d2024
215 _a348, [3] с.
_cил.
_d21
225 1 _aРоманы МИФ
_iПрекрасные мгновения жизни
333 _a16+
686 1 _aШ6(4Ит)67-440.4{Лх1609-50}
700 1 _7ca
_8rus
_aДонати
_bА.
_f1961-
_gАльба
_9267749
_3RU\NLR\AUTH\770267805
942 _cBOOK
980 _aNB